000 00248nam a2200097Ia 4500
082 _aAF BAKK
245 0 _aMy ouma in kaneel
100 _a BAKKES, Margaret Kaapstad, 2009
_967094
942 _cBK
008 210817s9999 xx 000 0 und d
999 _c215820
_d215818